000 00338nam a2200133Ia 4500
008 240624s9999 xx 000 0 und d
041 _aeng
082 _a658.4 DOB
100 _aDOBBIN FRANK
245 _aNEW ECONOMIC SOCIOLOGY A READER
260 _c2004
_aNew Jersey
_bPrinceton University Press
300 _a520 : p.
365 _c
_b26
999 _c20971
_d20971